Law of contract in Malaysia

Bibliographic Details
Format: Book
Published: Petaling Jaya, Selangor : Sweet & Maxwell Asia , 2009
Subjects:

MARC

LEADER 00000cam a2200000 7i4500
001 0000003775
005 20110620.0
020 0 0 |a 9789675040207 
090 0 0 |a R346.59502   |b CONC 2009 
245 0 0 |a Law of contract in Malaysia   |c Mohaimin Ayus 
260 0 0 |a Petaling Jaya, Selangor :   |b Sweet & Maxwell Asia ,   |c 2009 
300 |a .3 v. ;   |c 25 cm. 
650 0 0 |a Law of contract---Malaysia 
650 0 0 |a Law policy---Malaysia 
998 |a JPSM 
999 |a 007622   |b Monograph   |c Reference   |e Default branch 
999 |a 007623   |b Monograph   |c Reference   |e Default branch 
999 |a 007624   |b Monograph   |c Reference   |e Default branch